000 00612nam a2200229 i 4500
001 C2-0270691
003 PPAK
005 20180728001010.0
008 060809s2004 cc a|||| ||||| | chi d
020 _a7539415150
040 _aPPAK
_beng
_cPPAK
_erda
082 0 4 _a899.951
_223
090 0 0 _a899.951
_bLAO
_dK
245 0 0 _aLao shu de gu shi
264 1 _aBeijing :
_bHu Bei Mei Shu ,
_c2004
300 _a60 pages :
_billustrations ;
_c21 cm
336 _2rdacontent
_atext
337 _2rdamedia
_aunmediated
338 _2rdacarrier
_avolume
650 1 0 _aChildren's stories, Chinese.
942 _ddc
_cB
999 _c79198
_d79198